=LDR 00000nam 2200000 4500 =001 000811 =005 20250711115125 =035 ##$$a 0010-0725000681 =007 ta =008 250711################a##########0#ind## =020 ##$$a 978-623-472-158-4 =082 ##$$a 398.209 598 =084 ##$$a 398.209 598 DLA m =100 #$$a Dlamini, Zanele =245 1#$$a Mengapa burung bernyanyi /$c Zanele Dlamini =250 ##$$a Cetakan pertama =260 ##$$a Jakarta :$b Badan pengembangan dan pembinaan bahasa,$c 2022 =300 ##$$a 24 hlm. : $b Ilus. ; $c 22,9 cm =650 #4$$a Cerita anak Indonesia-terjemahan =650 #4$$a Literasi-bahan bacaan